00679nam a2200217 a 450000100060000000300080000600500170001400800410003102000150007203500150008703500190010204000320012104100080015308200200016110000380018124500320021926000440025130000210029565000930031670000520040922754BD-RjUL20211209000840.0140309r1954 njubch 000 0 eng d a0691061947 a0691061947 a(BD-RjUL)22819 aDLCcDLCdm.cdBD-RjULbeng aeng04a824.8bTHW 19541 aThoreau, Henry David,d1817-1862.10aWalden /cHenry D. Thoreau. aNew york :bA mentor book Press,c1954. a221 p. ;c19 cm.1 aThoreau, Henry David, -- 1817-1862 -- Homes and haunts -- Massachusetts -- Walden Woods.1 aShanley, J. Lyndonq(James Lyndon),d1910-1996.